| Tag |
First Indicator |
Second Indicator |
Subfields |
| LEADER |
00000cam a2200000 a 4500 |
| 001 |
in00000090751 |
| 005 |
20150923131047.0 |
| 008 |
780120n19001978txua 00010 eng d |
| 035 |
|
|
|a (OCoLC)03571526
|
| 035 |
|
|
|9 AAK6590AM
|
| 040 |
|
|
|a MUM
|c MUM
|d TXA
|d UtOrBLW
|
| 049 |
|
|
|a TXAM
|c [1806062]
|
| 090 |
|
|
|a LB1045
|b L62 1900z
|
| 100 |
1 |
|
|a Lockridge, J. Preston,
|d 1930-
|
| 245 |
1 |
0 |
|a Better bulletin board displays /
|c prepared by J. Preston Lockridge ; designed and illustrated by Gerda G. McMurry.
|
| 264 |
|
1 |
|a Austin :
|b The Visual Instruction Bureau, Division of Extension, The University of Texas,
|c [l9--]
|
| 300 |
|
|
|a 62 pages :
|b illustrations ;
|c 23 cm.
|
| 336 |
|
|
|a text
|b txt
|2 rdacontent
|
| 337 |
|
|
|a unmediated
|b n
|2 rdamedia
|
| 338 |
|
|
|a volume
|b nc
|2 rdacarrier
|
| 490 |
1 |
|
|a Bridges for ideas ;
|v 11
|
| 504 |
|
|
|a Sources: pages 60-[63].
|
| 650 |
|
0 |
|a Bulletin boards.
|
| 710 |
2 |
|
|a University of Texas at Austin.
|b Visual Instruction Bureau.
|
| 830 |
|
0 |
|a Bridges for ideas ;
|v 11.
|
| 999 |
|
|
|a MARS
|
| 999 |
f |
f |
|s bee013c0-c788-3436-aa3b-464408f9fe6a
|i 166e4f6b-aa10-32f8-ac3e-93d2e4a19487
|t 0
|
| 952 |
f |
f |
|p normal
|a Texas A&M University
|b College Station
|c Sterling C. Evans Library
|d Evans: Library Stacks
|t 0
|e LB1045 L62 1900z
|h Library of Congress classification
|i unmediated -- volume
|m A14806001530
|
| 998 |
f |
f |
|a LB1045 L62 1900z
|t 0
|l Evans: Library Stacks
|